| 000 | 00474nam a2200193Ia 4500 | ||
|---|---|---|---|
| 003 | OSt | ||
| 005 | 20220512144704.0 | ||
| 008 | 210210b2007 xxu||||| |||| 00| 0 eng d | ||
| 040 |
_aAL _c |
||
| 041 | _aeng | ||
| 082 | _a658 AQUB | ||
| 100 |
_aAQUINAS (P G) _936392 |
||
| 245 | _aBusiness organisation for II semester BBM | ||
| 260 |
_aMangalore _bSita Publishing House _c2007 |
||
| 300 | _ai,231 | ||
| 690 |
_aManagement _936399 |
||
| 906 | _a062474 | ||
| 942 |
_2ddc _cBK |
||
| 999 |
_c117575 _d117575 |
||